| 000 | 00462nam a2200169Ia 4500 | ||
|---|---|---|---|
| 008 | 230718s9999 xx 000 0 und d | ||
| 020 | _a9780198066217 | ||
| 041 | _aeng | ||
| 082 |
_a658.4'78 _bMIT |
||
| 100 |
_aMitra B.K. _9106382 |
||
| 245 | _aPersonality Development And Soft Skills | ||
| 260 |
_c2013 _bOxford |
||
| 300 | _a258 | ||
| 365 |
_cRs. _b325.00 |
||
| 700 |
_aMitra B.K. _9106382 |
||
| 906 |
_dO:0418418-Sep-2014B:IN 66925-Jul-2014 _cGENRL _b812.5 |
||
| 999 |
_c338246 _d338246 |
||